The three musketeers / (Record no. 3304)

MARC details
000 -LEADER
fixed length control field 00957cam a2200265u 4500
001 - CONTROL NUMBER
control field 3304
003 - CONTROL NUMBER IDENTIFIER
control field FISKH
005 - DATE AND TIME OF LATEST TRANSACTION
control field 20240228153848.0
008 - FIXED-LENGTH DATA ELEMENTS--GENERAL INFORMATION
fixed length control field 830517s1931 enk 000 0 eng
010 ## - LIBRARY OF CONGRESS CONTROL NUMBER
LC control number 36037091
020 ## - INTERNATIONAL STANDARD BOOK NUMBER
International Standard Book Number 9780007902156
040 ## - CATALOGING SOURCE
Original cataloging agency DLC
Transcribing agency CarP
Modifying agency DLC
043 ## - GEOGRAPHIC AREA CODE
Geographic area code e-fr---
050 ## - LIBRARY OF CONGRESS CALL NUMBER
Classification number PQ2228
082 ## - DEWEY DECIMAL CLASSIFICATION NUMBER
Classification number 843.7
100 1# - MAIN ENTRY--PERSONAL NAME
Personal name Dumas, Alexandre,
Dates associated with a name 1802-1870.
245 14 - TITLE STATEMENT
Title The three musketeers /
Statement of responsibility, etc. Alexandre Dumas
260 ## - PUBLICATION, DISTRIBUTION, ETC.
Place of publication, distribution, etc. London,
Name of publisher, distributor, etc. Harper Collins,
Date of publication, distribution, etc. 2011
300 ## - PHYSICAL DESCRIPTION
Extent 830 pages :
Dimensions 18 cm
520 ## - SUMMARY, ETC.
Summary, etc. The Three Musketeers follows the young d'Artagnan in his quest to become a musketeer. He befriends the three musketeers Athos, Porthos and Aramis, whose motto is "all for one, one for all."<br/><br/>The novel is the first in Dumas' d'Artagnan Romances trilogy.
651 #0 - SUBJECT ADDED ENTRY--GEOGRAPHIC NAME
Geographic name France
General subdivision History
Chronological subdivision Louis XIII, 1610-1643
Form subdivision Fiction.
906 ## - LOCAL DATA ELEMENT F, LDF (RLIN)
a 0
b cbc
c premunv
d u
e ncip
f 19
g y-gencatlg
942 ## - ADDED ENTRY ELEMENTS (KOHA)
Source of classification or shelving scheme Dewey Decimal Classification
Koha item type Books
Suppress in OPAC No
Holdings
Withdrawn status Lost status Source of classification or shelving scheme Damaged status Not for loan Collection Home library Current library Shelving location Date acquired Total Checkouts Full call number Barcode Date last seen Price effective from Koha item type
    Dewey Decimal Classification     Fiction Footprints International School Library Network Toul Kork Campus Footprints International School Library Network Toul Kork Campus   02/26/2024   DUM Fic PQ2228 FISSE04392 02/26/2024 02/26/2024 Books